Minimally processed fruits and vegetables : (Record no. 14040)
[ view plain ]
| 000 -LEADER | |
|---|---|
| fixed length control field | 00611cam a22002174a 4500 |
| 003 - CONTROL NUMBER IDENTIFIER | |
| control field | OSt |
| 008 - FIXED-LENGTH DATA ELEMENTS--GENERAL INFORMATION | |
| fixed length control field | 240320b |||||||| |||| 00| 0 eng d |
| 020 ## - INTERNATIONAL STANDARD BOOK NUMBER | |
| ISBN | 0834216728 |
| 041 ## - LANGUAGE CODE | |
| Language code of text/sound track or separate title | eng |
| 082 00 - DEWEY DECIMAL CLASSIFICATION NUMBER | |
| Classification number | 634.0468 |
| Item number | ALZ/MI |
| 100 1# - MAIN ENTRY--AUTHOR NAME | |
| Personal name | Alzamora, Stella M. |
| 245 10 - TITLE STATEMENT | |
| Title | Minimally processed fruits and vegetables : |
| 260 ## - PUBLICATION, DISTRIBUTION, ETC. (IMPRINT) | |
| Place of publication | Gaithersburg, Md. : |
| Name of publisher | Aspen Publishers, |
| Year of publication | 2000. |
| 300 ## - PHYSICAL DESCRIPTION | |
| Number of Pages | xvi, 360 p. : |
| Other physical details | ill. ; |
| 490 1# - SERIES STATEMENT | |
| Series statement | Aspen food engineering series |
| 650 #0 - SUBJECT ADDED ENTRY--TOPICAL TERM | |
| Topical Term | Fruit |
| 650 #0 - SUBJECT ADDED ENTRY--TOPICAL TERM | |
| Topical Term | Vegetables |
| 700 1# - ADDED ENTRY--PERSONAL NAME | |
| Personal name | Tapia, María S. |
| 700 1# - ADDED ENTRY--PERSONAL NAME | |
| Personal name | López-Malo, Aurelio |
| 942 ## - ADDED ENTRY ELEMENTS (KOHA) | |
| Koha item type | Books |
| Withdrawn status | Lost status | Damaged status | Home library | Current library | Shelving location | Date acquired | Full call number | Accession Number | Koha item type |
|---|---|---|---|---|---|---|---|---|---|
| KAUAET | KAUAET | General Stacks | 25/09/2013 | 634.0468 ALZ/MI | 23839 | Books |
